Un documento sobre la conquista de Gran Canaria / (Record no. 67216)

MARC details
000 -LEADER
campo de control de longitud fija 00632nam a2200193 i 4500
001 - NÚMERO DE CONTROL
campo de control 67216
003 - IDENTIFICADOR DE NÚMERO DE CONTROL
campo de control ES-MaACL
005 - FECHA Y HORA DE LA ÚLTIMA TRANSACCIÓN
campo de control 20230906170014.0
007 - CAMPO FIJO DE DESCRIPCIÓN FÍSICA--INFORMACIÓN GENERAL
campo de control de longitud fija t|
008 - DATOS DE LONGITUD FIJA--INFORMACIÓN GENERAL
campo de control de longitud fija 040512s1993 sp ||||1| spa d
080 ## - NÚMERO DE LA CLASIFICACIÓN DECIMAL UNIVERSAL
Número de la Clasificación Decimal Universal 946.041.3 Gran Canaria
100 1# - ENTRADA PRINCIPAL--NOMBRE DE PERSONA
Nombre de persona Benito Ruano, Eloy.
9 (RLIN) 27689
245 13 - MENCIÓN DEL TÍTULO
Título Un documento sobre la conquista de Gran Canaria /
Mención de responsabilidad, etc. por Eloy Benito Ruano.
260 ## - PUBLICACIÓN, DISTRIBUCIÓN, ETC.
Lugar de publicación, distribución, etc. Lacunae :
Nombre del editor, distribuidor, etc. Universitas Canariarum,
Fecha de publicación, distribución, etc. 1993.
300 ## - DESCRIPCIÓN FÍSICA
Extensión p. [177]-181 ;
Dimensiones 23 cm.
500 ## - NOTA GENERAL
Nota general Separata de: Strenae Emmanuelae Marrero Oblatae.
651 #4 - PUNTO DE ACCESO ADICIONAL DE MATERIA--NOMBRE GEOGRÁFICO
Nombre geográfico Gran Canaria-
Subdivisión general Historia-
Subdivisión de forma Fuentes.
9 (RLIN) 8767
852 ## - LOCALIZACIÓN
Ubicación ES-MaACL
Número de control de estantería 2178-F-1
Sublocalización o colección R.130598
Holdings
Estatus retirado Estado de pérdida Estado de daño No para préstamo Colección Biblioteca de origen Biblioteca actual Ubicación en estantería Fecha de adquisición Fuente de adquisición Total de préstamos Signatura topográfica completa Código de barras Visto por última vez Precio de reemplazo Tipo de ítem Koha
        Colección de folletos Biblioteca del Ateneo de Madrid Biblioteca del Ateneo de Madrid Depósito folletos 17/01/2008     2178-F-1 1070391 23/02/2023 23/02/2023 Folleto